An introduction to drama /

Guardat en:
Dades bibliogràfiques
Autor principal: Tennyson, G. B.
Format: Llibre
Idioma:English
Publicat: New York : Holt, Rinehart and Winston, c1967.
Matèries:
LEADER 01118cam a2200301 a 4500
001 c000279292
003 CARM
005 20080110095219.0
008 740514s1967 nyua b 001 0 eng d
019 1 |a 27507833  |z 668199  |5 LACONCORD2021 
020 |a 0030608201 (pbk.) 
035 |a (OCoLC)242426  |5 LACONCORD2021 
040 |a LC  |b eng  |c LC  |d VCAV  |d ABN-SNR 
050 0 0 |a PN1655  |b .T4 
082 0 4 |a 808.82 
100 1 |a Tennyson, G. B. 
245 1 3 |a An introduction to drama /  |c G.B. Tennyson. 
260 |a New York :  |b Holt, Rinehart and Winston,  |c c1967. 
300 |a viii, 134 p. :  |b illus. ;  |c 23 cm. 
504 |a Bibliography: p. 108-111. 
500 |a Includes index. 
650 0 |a Drama. 
650 0 |a Theater. 
852 8 |b CARM  |h A1:AL31B0  |i B10436  |p 0456944  |f BK 
852 8 |b CARM  |h A1:AL23B0  |i B10238  |p 0436575  |f BK 
999 f f |i fca24f6c-ae4f-5642-aafd-0dc840df6b79  |s 503c5bca-639c-5b02-a69d-5545ecd554bd 
952 f f |p Can circulate  |a CAVAL  |b CAVAL  |c CAVAL  |d CARM 1 Store  |e B10436  |f A1:AL31B0  |h Other scheme  |i book  |m 0456944 
952 f f |p Can circulate  |a CAVAL  |b CAVAL  |c CAVAL  |d CARM 1 Store  |e B10238  |f A1:AL23B0  |h Other scheme  |i book  |m 0436575